000 00437nam a2200133Ia 4500
008 100328s9999 xx 000 0 und d
082 _b35693
100 _aबनहट्टी राजेंद्र
245 _aमरणानंतरचे मरण
260 _bविश्वमोहिनी
630 _aमरणानंतरचे मरण
730 _aमरणानंतरचे मरण
942 _cBOOK
999 _c525542
_d525539